Le Royaume-Uni en 10 dates - Statistiques

Statistiques générales
  • Ce quiz a été pris 24 fois
  • Le résultat moyen est 5 sur 10
Statistiques - réponses
Indices Réponses % Correct
En quelle année l'armée nazie organisa le Blitz, cependant contré par la Royal AirForce ? 1940
86%
En quelle année a eu lieu le référendum sur le Brexit, impulsé par David Cameron ? 2016
81%
En quelle année le Duc de Wellington fut victorieux à Waterloo face à Napoléon I ? 1815
71%
En quelle année eu lieu la bataille d'Hastings, faisant de Guillaume le conquérant roi d'Angleterre ? 1066
67%
En quelle année mourut la Reine Victoria après 64 ans de règne ? 1901
62%
En quelle année l'Angleterre remporta la Coupe du Monde de Football, son seul trophée ? 1966
62%
En quelle année a été ratifiée la Magna Carta, acte fondateur de la Monarchie anglaise ? 1215
38%
En quelle année éclata la Guerre de Deux Roses, opposant les Lancaster aux York ? 1455
29%
En quelle année a eu lieu la réunification entre l'Angleterre et l'Ecosse ? 1707
29%
En quelle année a eu lieu la construction du mur d'Hadrien, frontière avec le monde barbare ? 122
24%
Aucun quiz correspondant
Distribution des résultats
% des personnes avec chaque résultat
Percentile par nombre de réponses
Votre historique - résultats
Vous n’avez pas pris ce quiz